000 01019cam a22002651i 4500
003 SA-RiAUC
005 20250728042717.0
008 250727s1987 le g 000 0 ara c
040 _aSA-JeALM
_bara
_cSA-RiAUC.
_erda
082 0 4 _a212
_qSA-RiAUC
090 _a212
_bم ا و
100 1 _aالماوردي، علي بن محمد بن حبيب،
_d364-450 هجري
_eمؤلف.
245 1 0 _aأدب الدنيا والدين /
_cأبو الحسن علي بن محمد حبيب الماوردي .
250 _aالطبعة الأولى.
264 1 _aبيروت :
_bدار الكتب العلمية،
_c1987.
300 _a318 صفحة ؛
_c24 سم.
336 _aنص
_btxt
_2rdacontent
_3كتاب
337 _aبدون وسيط
_bn
_2rdamedia
338 _aمجلد
_bnc
_2rdacarrier
650 7 _aالآداب الإسلامية
_2aucsh
650 7 _aالأخلاق الإسلامية
_2aucsh
650 7 _aالوعظ والإرشاد
_2aucsh
942 _2ddc
_cBOOK
_n0
949 _aSA-JeALM
_d250727
_uosman123
_n1
999 _c10351
_d10351